<?xml version="1.0" encoding="UTF-8"?>
<record
    xmlns:xsi="http://www.w3.org/2001/XMLSchema-instance"
    xsi:schemaLocation="http://www.loc.gov/MARC21/slim http://www.loc.gov/standards/marcxml/schema/MARC21slim.xsd"
    xmlns="http://www.loc.gov/MARC21/slim">

  <leader>02006    a2200229   4500</leader>
  <controlfield tag="001">54546</controlfield>
  <controlfield tag="005">20260407155819.0</controlfield>
  <controlfield tag="008">260407a1994    arg                 spa d</controlfield>
  <controlfield tag="003">AR-UNSa-BCEJYS</controlfield>
  <datafield tag="040" ind1=" " ind2=" ">
    <subfield code="a">AR-UNSa-BCEJYS</subfield>
    <subfield code="b">spa</subfield>
    <subfield code="c">AR-UNSa-BCEJYS</subfield>
  </datafield>
  <datafield tag="080" ind1=" " ind2=" ">
    <subfield code="a">330</subfield>
    <subfield code="x">Econom&#xED;a en general</subfield>
  </datafield>
  <datafield tag="245" ind1="1" ind2="0">
    <subfield code="a">Econom&#xED;a</subfield>
    <subfield code="p">Elementos de micro y macroeconom&#xED;a</subfield>
  </datafield>
  <datafield tag="020" ind1=" " ind2=" ">
    <subfield code="a">84-481-1973-8</subfield>
  </datafield>
  <datafield tag="264" ind1=" " ind2="1">
    <subfield code="a">Madrid :</subfield>
    <subfield code="b">McGraw-Hill</subfield>
    <subfield code="c">1994</subfield>
  </datafield>
  <datafield tag="300" ind1=" " ind2=" ">
    <subfield code="a">xxvi, 379 p.</subfield>
    <subfield code="c">23 cm.</subfield>
  </datafield>
  <datafield tag="505" ind1=" " ind2=" ">
    <subfield code="a">M&#xF3;dulo 1: El concepto de econom&#xED;a y los sistemas econ&#xF3;micos - 1. La econom&#xED;a y la necesidad de elegir - 2. Los agentes econ&#xF3;micos - 3. El concepto de sistema econ&#xF3;mico - 4. El sistema de econom&#xED;a de mercado - 5. Los sistemas de econom&#xED;a centralizada - M&#xF3;dulo 2: Producci&#xF3;n y mercado - 6. La empresa y la producci&#xF3;n - 7. Los costos de la producci&#xF3;n - 8. La retribuci&#xF3;n de los factores productivos - 9. El mercado,los precios y la elasticidad - 10. La competencia perfecta,el monopolio y oligopolio - M&#xF3;dulo 3: Productos e ingreso nacional,sus componentes y su financiaci&#xF3;n - 11. El enfoque macroecon&#xF3;mico: el ingreso nacional y otros agregados - 12. El empleo y la distribuci&#xF3;n del ingreso nacional - 13. La intervenci&#xF3;n del Estado en la Econom&#xED;a: la pol&#xED;tica fiscal - 14. La financiaci&#xF3;n de la Econom&#xED;a: el dinero y los bancos - 15. El control de la cantidad de dinero por parte del Banco Central - M&#xF3;dulo 4: El comercio internacional - 16. El comercio internacional y la balanza de pagos - 17. Los reg&#xED;menes de comercio: el Mercosur - 18. Los mercados de cambio - M&#xF3;dulo 5: Los problemas del mundo actual - 19. El crecimiento econ&#xF3;mico y el medio ambiente - 20. Desarrollo y subdesarrollo - 21. La inflaci&#xF3;n: causas y efectos - 22. Las fluctuaciones econ&#xF3;micas y el desempleo - 23. Notas sobre la evoluci&#xF3;n reciente de la econom&#xED;a argentina</subfield>
  </datafield>
  <datafield tag="041" ind1=" " ind2=" ">
    <subfield code="a">spa</subfield>
  </datafield>
  <datafield tag="942" ind1=" " ind2=" ">
    <subfield code="c">BK</subfield>
  </datafield>
  <datafield tag="590" ind1=" " ind2=" ">
    <subfield code="a">niveau_biblio:m niveau_hierar:0</subfield>
  </datafield>
  <datafield tag="100" ind1="1" ind2=" ">
    <subfield code="a">Beker, V&#xED;ctor Alberto</subfield>
  </datafield>
  <datafield tag="700" ind1="1" ind2=" ">
    <subfield code="a">Moch&#xF3;n Morcillo, Francisco</subfield>
  </datafield>
  <datafield tag="999" ind1=" " ind2=" ">
    <subfield code="c">5626</subfield>
    <subfield code="d">5626</subfield>
  </datafield>
  <datafield tag="952" ind1=" " ind2=" ">
    <subfield code="0">0</subfield>
    <subfield code="1">0</subfield>
    <subfield code="4">0</subfield>
    <subfield code="7">0</subfield>
    <subfield code="a">BCEJYS</subfield>
    <subfield code="b">BCEJYS</subfield>
    <subfield code="c">16</subfield>
    <subfield code="d">2026-04-07</subfield>
    <subfield code="l">0</subfield>
    <subfield code="o">330 B424</subfield>
    <subfield code="p">L85057</subfield>
    <subfield code="r">2026-04-07 15:58:19</subfield>
    <subfield code="w">2026-04-07</subfield>
    <subfield code="y">L</subfield>
  </datafield>
</record>
